000 00213nam a22000977a 4500
082 _a398.2
_bARS
100 _aArshad,Tahira
245 _aSnow white and the seven dwarfs
563 _aPB
942 _2ddc
_cBK
999 _c614903
_d614903